Language Quiz

Random Language or Capital Quiz

4-Letter Capital Overlaps Quiz Stats

 Plays Quiz not verified by Sporcle

Challenge
Share
Tweet
Embed
Score 0/30 Timer 03:00
0 Plays Today
% Correct
ROME
97.9%
FROM
96.9%
MENU
95.8%
LIMA
95%
BERN
92.9%
OSLO
91.8%
SLOW
91.8%
ESTÁ
88.5%
STAB
88.5%
OMEN
88%
MANE
87.4%
AFRO
86.6%
LOBE
85.8%
SLIM
84.3%
IMAN
83.7%
% Correct
ALES
83%
LEST
80.9%
MALÉ
80.1%
OWEN
79.8%
LOWE
78.7%
WENT
77.7%
BLOB
74.8%
OBER
74%
ANEW
69.3%
ERNO
67.2%
LOMÉ
66.1%
ERLE
44.1%
OMER
43.8%
GLOM
43%
MERL
41.4%

You're not logged in!

Compare scores with friends on all Sporcle quizzes.
Join for Free
OR
Log In

You Might Also Like...

Show Comments

Extras

Top Quizzes Today


Score Distribution

Your Account Isn't Verified!

In order to create a playlist on Sporcle, you need to verify the email address you used during registration. Go to your Sporcle Settings to finish the process.

Report this User

Report this user for behavior that violates our Community Guidelines.

Details: